000
00315nam a22001457a 4500
008
230418b ||||| |||| 00| 0 eng d
020
_a
9780415234009
041
_a
eng
080
_a
159.9
082
_a
159.9MAN
100
_a
25
101
_a
PSI
245
_a
EXPLORING BORDERS
_c
MANTOVANI.G
942
_2
udc
_c
BK
999
_c
59568
_d
59568